[Event "Thanksgiving op U1800"]
[Site "Halifax CAN"]
[Date "1996.10.14"]
[Round "5"]
[White "Klapsein, John"]
[Black "Cashin, Ken"]
[Result "1/2-1/2"]
[WhiteElo "1645"]
[BlackElo "1577"]
[PlyCount "77"]
[EventDate "1996.10.12"]
[EventType "swiss"]
[EventRounds "5"]
[EventCountry "CAN"]

1. e4 d6 2. d4 Nf6 3. Nc3 g6 4. f3 Bg7 5. Be3 O-O 6. Qd2 c6 7. h4 Bd7 8. d5 Nh5
9. Nge2 Qc7 10. Bh6 b5 11. Bxg7 Kxg7 12. g4 Nf6 13. h5 Rh8 14. hxg6 hxg6 15.
Rxh8 Kxh8 16. Qh6+ Nh7 17. dxc6 Bxc6 18. Nd4 a6 19. Bd3 Qc8 20. O-O-O Qf8 21.
Qh4 e5 22. Rh1 Qg8 23. Nxc6 Nxc6 24. Nd5 g5 25. Qh3 Qg6 26. Nf6 Kg7 27. Nxh7
Rh8 28. Qf1 Rxh7 29. Rxh7+ Qxh7 30. a4 Nd4 31. c3 Nb3+ 32. Kc2 bxa4 33. Bxa6
Qh2+ 34. Qe2 Qf4 35. Qd1 Qe3 36. Be2 Na1+ 37. Kb1 Nb3 38. Kc2 Na1+ 39. Kb1
1/2-1/2

[Event "Thanksgiving op U1800"]
[Site "Halifax CAN"]
[Date "1996.10.14"]
[Round "5"]
[White "Rose, Christian"]
[Black "Beals, George"]
[Result "1/2-1/2"]
[WhiteElo "1649"]
[BlackElo "1693"]
[PlyCount "51"]
[EventDate "1996.10.12"]
[EventType "swiss"]
[EventRounds "5"]
[EventCountry "CAN"]

1. e4 c5 2. c3 Nc6 3. Nf3 g6 4. d4 cxd4 5. cxd4 Bg7 6. Nc3 d6 7. Be3 Nf6 8. Be2
O-O 9. O-O Ng4 10. Bg5 h6 11. Bh4 Qb6 12. Rb1 g5 13. Bg3 Nf6 14. d5 Nb4 15. a3
Na6 16. h3 Nc5 17. Nd2 a5 18. Kh2 Bd7 19. f4 Nh7 20. Bg4 f5 21. Bh5 Nf6 22.
fxg5 hxg5 23. exf5 Nxh5 24. Qxh5 Bxf5 25. Rbe1 Qxb2 26. Nce4 1/2-1/2

[Event "Thunder Bay ch"]
[Site "Thunder Bay CAN"]
[Date "1996.09.02"]
[Round "5"]
[White "Lukasec, Ladislav"]
[Black "Golebiewski, Sofie"]
[Result "1-0"]
[WhiteElo "1349"]
[BlackElo "1728"]
[PlyCount "69"]
[EventDate "1996.08.31"]
[EventType "swiss"]
[EventRounds "6"]
[EventCountry "CAN"]

1. f4 d5 2. Nf3 Nc6 3. e3 Nf6 4. d4 Bg4 5. h3 Bf5 6. Bd3 Ne4 7. Bxe4 Bxe4 8.
Nbd2 e6 9. a3 Be7 10. O-O O-O 11. Nxe4 dxe4 12. Ne5 Nxe5 13. fxe5 Qd5 14. Bd2
Rad8 15. b4 b6 16. Qg4 c5 17. c3 cxd4 18. exd4 g6 19. Bh6 Rfe8 20. Qf4 f6 21.
exf6 Qf5 22. f7+ Kxf7 23. Qc7 Rc8 24. Rxf5+ exf5 25. Qxa7 Rxc3 26. Bg5 Rc6 27.
Bxe7 Rxe7 28. Qa8 Rd6 29. Rd1 e3 30. Qf3 Re4 31. g4 e2 32. Re1 Rdxd4 33. Rxe2
Rf4 34. Qb7+ Kf6 35. Qe7# 1-0

[Event "Toronto Class ch"]
[Site "Toronto CAN"]
[Date "1996.??.??"]
[Round "?"]
[White "Crisan, Ioan"]
[Black "Dougherty, Michael"]
[Result "1-0"]
[WhiteElo "2309"]
[BlackElo "2347"]
[PlyCount "51"]
[EventDate "1996.??.??"]
[EventType "swiss"]
[EventRounds "5"]
[EventCountry "CAN"]

1. e4 c5 2. Nf3 Nc6 3. d4 cxd4 4. Nxd4 Nf6 5. Nc3 d6 6. Bc4 Qb6 7. Nb3 e6 8.
O-O Be7 9. Be3 Qc7 10. Nd4 a6 11. Bb3 O-O 12. f4 Na5 13. f5 Nxb3 14. axb3 Re8
15. g4 Bf8 16. g5 Nd7 17. Rf3 Ne5 18. Rh3 g6 19. Qe1 Bd7 20. Qh4 h5 21. Nde2 d5
22. Nf4 Bc5 23. Nxh5 Bxe3+ 24. Kh1 Bc6 25. Nf4 Kf8 26. f6 1-0

[Event "Toronto Class ch"]
[Site "Toronto CAN"]
[Date "1996.??.??"]
[Round "?"]
[White "Furlic, Mijo"]
[Black "Divljan, Igor"]
[Result "0-1"]
[WhiteElo "1729"]
[BlackElo "1840"]
[PlyCount "54"]
[EventDate "1996.??.??"]
[EventType "swiss"]
[EventRounds "5"]
[EventCountry "CAN"]

1. d4 d5 2. Nf3 Nf6 3. Nbd2 Bf5 4. e3 e6 5. a3 Nbd7 6. c4 c6 7. b4 a5 8. b5 Be7
9. c5 cxb5 10. Bxb5 O-O 11. O-O Qc7 12. Bb2 Ne4 13. Rc1 Nb8 14. Nxe4 Bxe4 15.
Nd2 Bg6 16. f4 Nc6 17. a4 f5 18. Nb3 Kf7 19. Qe1 Rfc8 20. h4 Bh5 21. Kh2 h6 22.
Rh1 g5 23. hxg5 hxg5 24. g3 Bf3 25. Rf1 Rh8+ 26. Kg1 Rh1+ 27. Kf2 Rh2+ 0-1

[Event "Toronto Class ch"]
[Site "Toronto CAN"]
[Date "1996.??.??"]
[Round "?"]
[White "Richardson, Ross"]
[Black "Kelly, Sean"]
[Result "1-0"]
[WhiteElo "1961"]
[BlackElo "1862"]
[PlyCount "59"]
[EventDate "1996.??.??"]
[EventType "swiss"]
[EventRounds "5"]
[EventCountry "CAN"]

1. d4 Nf6 2. c4 g6 3. Nc3 d5 4. Nf3 Bg7 5. Qb3 dxc4 6. Qxc4 O-O 7. e4 c6 8. h3
Nbd7 9. Be3 Nb6 10. Qb3 Be6 11. Qc2 Bc4 12. Bxc4 Nxc4 13. O-O Nh5 14. Rad1 Nxe3
15. fxe3 Qc7 16. e5 Bh6 17. Rfe1 e6 18. Ne4 Qe7 19. Qb3 Kh8 20. Rf1 Ng7 21. g4
Ne8 22. g5 Bg7 23. Nf6 Rb8 24. Nd2 Nc7 25. Rf4 Nd5 26. Rh4 Bxf6 27. gxf6 Qb4
28. Qd3 c5 29. Qe4 cxd4 30. Rxh7+ 1-0

[Event "Toronto Closed"]
[Site "Toronto CAN"]
[Date "1996.02.04"]
[Round "2"]
[White "Veltmann, Martin"]
[Black "Daez, Noel"]
[Result "0-1"]
[WhiteElo "2165"]
[BlackElo "2092"]
[PlyCount "50"]
[EventDate "1996.02.01"]
[EventType "tourn"]
[EventCountry "CAN"]

1. c4 Nf6 2. Nc3 e6 3. d4 d5 4. Nf3 Be7 5. Bf4 O-O 6. e3 c6 7. Qc2 Nbd7 8.
O-O-O dxc4 9. Bxc4 Nb6 10. Bd3 Nbd5 11. Nxd5 cxd5 12. h4 Bd7 13. Kb1 Rc8 14.
Qe2 Qa5 15. Ne5 Ba4 16. Rc1 a6 17. Bg5 h6 18. Bxf6 Bxf6 19. Rxc8 Rxc8 20. Ng4
Be7 21. Ne5 Bd6 22. Nf3 Qb6 23. g4 Ba3 24. g5 Rc2 25. Qxc2 Bxc2+ 0-1

[Event "Toronto Closed"]
[Site "Toronto CAN"]
[Date "1996.02.08"]
[Round "3"]
[White "Veltmann, Martin"]
[Black "Sharpe, Sam"]
[Result "1/2-1/2"]
[WhiteElo "2165"]
[BlackElo "2107"]
[PlyCount "120"]
[EventDate "1996.02.01"]
[EventType "tourn"]
[EventCountry "CAN"]

1. c4 c5 2. Nc3 Nf6 3. g3 g6 4. Bg2 Bg7 5. e4 Nc6 6. Nge2 O-O 7. O-O d6 8. d3
Nd7 9. Be3 e5 10. f4 f5 11. exf5 gxf5 12. Nd5 Kh8 13. Nec3 Nf6 14. Kh1 Nd4 15.
Bg1 Rb8 16. Nxf6 Qxf6 17. Nd5 Qg6 18. Qd2 b5 19. Ne7 Qe8 20. Nxc8 Rxc8 21. Rae1
bxc4 22. dxc4 e4 23. g4 fxg4 24. Rxe4 Qd7 25. b4 Rce8 26. Rfe1 Qf7 27. Rxe8
Rxe8 28. Rxe8+ Qxe8 29. b5 Ne2 30. Qe3 Qxe3 31. Bxe3 Bc3 32. a4 Kg7 33. Be4 h5
34. Kg2 Kf6 35. Kf1 Nd4 36. Bf2 Ba5 37. Be1 Bc7 38. a5 Nf5 39. Bc3+ Ke6 40. Kf2
Nd4 41. Ke3 Nf5+ 42. Bxf5+ Kxf5 43. Be1 d5 44. cxd5 Bxf4+ 45. Kd3 Bxh2 46. Kc4
Bd6 47. a6 Bc7 48. Kxc5 Kg5 49. d6 Bb6+ 50. Kc6 h4 51. d7 g3 52. Bd2+ Kf5 53.
Be3 Bd8 54. b6 h3 55. b7 h2 56. b8=Q h1=Q+ 57. Kc5 Be7+ 58. Kc4 Qe4+ 59. Bd4
Qe6+ 60. Kc3 Qc6+ 1/2-1/2

[Event "Toronto Closed"]
[Site "Toronto CAN"]
[Date "1996.02.11"]
[Round "4"]
[White "Palacios, Bobby"]
[Black "Veltmann, Martin"]
[Result "1-0"]
[WhiteElo "2199"]
[BlackElo "2165"]
[PlyCount "77"]
[EventDate "1996.02.01"]
[EventType "tourn"]
[EventCountry "CAN"]

1. d4 d5 2. c4 dxc4 3. Nf3 Nf6 4. e3 e6 5. Bxc4 c5 6. O-O a6 7. Qe2 Nc6 8. dxc5
Bxc5 9. Nc3 O-O 10. e4 b5 11. Bb3 Nd4 12. Nxd4 Bxd4 13. Bg5 h6 14. Bh4 g5 15.
e5 Bxc3 16. bxc3 Nd5 17. Bg3 Bb7 18. Qh5 Kg7 19. Rad1 Qe7 20. Rd3 Nf4 21. Bxf4
gxf4 22. Rfd1 Qg5 23. Qxg5+ hxg5 24. Rd7 Bc6 25. R7d6 Rfc8 26. h4 f3 27. R1d3
gxh4 28. gxf3 a5 29. R6d4 a4 30. Bc2 Bd5 31. a3 Rc5 32. Rxh4 Rac8 33. Rdd4 Rxc3
34. Bd3 R8c5 35. Rh7+ Kf8 36. Rh8+ Ke7 37. Rb8 Rxa3 38. Bxb5 Rb3 39. Re8# 1-0

[Event "Toronto Closed"]
[Site "Toronto CAN"]
[Date "1996.02.15"]
[Round "5"]
[White "Veltmann, Martin"]
[Black "Walker, Ben"]
[Result "1/2-1/2"]
[WhiteElo "2165"]
[BlackElo "2214"]
[PlyCount "44"]
[EventDate "1996.02.01"]
[EventType "tourn"]
[EventCountry "CAN"]

1. c4 g6 2. Nc3 Bg7 3. d4 d6 4. e4 Nc6 5. Be3 e5 6. Nge2 f5 7. exf5 gxf5 8.
dxe5 dxe5 9. Qxd8+ Nxd8 10. O-O-O Ne6 11. f4 Nf6 12. fxe5 Ng4 13. Bg1 c6 14.
Nd4 O-O 15. Be2 Nxe5 16. Nxe6 Bxe6 17. Bc5 Rf6 18. Bd4 Rg6 19. b3 Bh6+ 20. Kc2
Ng4 21. Bxg4 Rxg4 22. g3 f4 1/2-1/2

[Event "Toronto Closed"]
[Site "Toronto CAN"]
[Date "1996.02.22"]
[Round "7"]
[White "Veltmann, Martin"]
[Black "Loo, Kent"]
[Result "1-0"]
[WhiteElo "2165"]
[BlackElo "2240"]
[Annotator ",Hugh"]
[PlyCount "80"]
[EventDate "1996.02.01"]
[EventType "tourn"]
[EventCountry "CAN"]

1. c4 e5 2. Nc3 Nc6 3. g3 g6 4. Bg2 Bg7 5. d3 d6 6. e3 Nge7 7. Nge2 h5 8. h4
Bg4 9. O-O O-O 10. Rb1 Rb8 11. b4 a6 12. a4 a5 13. bxa5 Nxa5 14. Qc2 Re8 15.
Ba3 Bf5 16. e4 Bg4 17. c5 dxc5 18. Bxc5 Nac6 19. Nb5 Qd7 20. f3 Bh3 21. Kh2
Bxg2 22. Kxg2 Bf8 23. Rfd1 Nc8 24. d4 Bxc5 25. dxc5 Qe7 26. Qd2 N8a7 27. Qh6
Rbd8 28. Nbc3 Nd4 29. Nxd4 exd4 30. Nd5 Rxd5 31. exd5 Qe2+ 32. Kh3 Qxf3 33. Qf4
Qxd5 34. Re1 Re6 35. Rf1 Qd7 36. Kh2 Nc6 37. Rxb7 Nd8 38. Rb8 Re7 39. Rf2 Qd5
40. Qf3 Qd7 {Time} 1-0

[Event "Toronto Closed"]
[Site "Toronto CAN"]
[Date "1996.02.25"]
[Round "8"]
[White "Torok, Alan"]
[Black "Veltmann, Martin"]
[Result "0-1"]
[WhiteElo "2102"]
[BlackElo "2165"]
[PlyCount "60"]
[EventDate "1996.02.01"]
[EventType "tourn"]
[EventCountry "CAN"]

1. c4 Nf6 2. Nc3 g6 3. e4 d6 4. d4 Bg7 5. Nf3 O-O 6. Be2 e5 7. O-O Nc6 8. d5
Ne7 9. b4 Nh5 10. Ne1 Nf4 11. Nd3 Nxe2+ 12. Qxe2 f5 13. f3 f4 14. c5 g5 15. Bd2
Ng6 16. Kh1 Rf7 17. Nb2 h5 18. Rac1 Bf8 19. cxd6 cxd6 20. Nc4 Rg7 21. Rg1 g4
22. Be1 g3 23. hxg3 fxg3 24. Bxg3 Nf4 25. Bxf4 exf4 26. g3 fxg3 27. Kg2 h4 28.
e5 h3+ 29. Kh1 g2+ 30. Kh2 Qh4 0-1

[Event "Toronto Closed"]
[Site "Toronto CAN"]
[Date "1996.02.29"]
[Round "9"]
[White "Veltmann, Martin"]
[Black "Williams, Paul"]
[Result "1-0"]
[WhiteElo "2165"]
[BlackElo "2290"]
[PlyCount "73"]
[EventDate "1996.02.01"]
[EventType "tourn"]
[EventCountry "CAN"]

1. c4 Nf6 2. Nc3 e5 3. g3 Bb4 4. Qb3 Nc6 5. Bg2 Bc5 6. e3 O-O 7. Nge2 d6 8. O-O
a6 9. d3 Bd7 10. a3 Qc8 11. Qc2 a5 12. b3 Bh3 13. Bb2 Qd7 14. Qd2 Bxg2 15. Kxg2
d5 16. cxd5 Nxd5 17. Ne4 Bb6 18. Rac1 f5 19. Nc5 Bxc5 20. Rxc5 f4 21. Ng1 fxe3
22. fxe3 Rxf1 23. Kxf1 Rf8+ 24. Kg2 e4 25. Kh1 Qe6 26. d4 Nce7 27. Bc1 Nf5 28.
Qe1 c6 29. Rxa5 Qh6 30. Ra7 Nf6 31. Rxb7 Ng4 32. h3 Ngxe3 33. Bxe3 Nxe3 34. Qb4
Qg6 35. Rb8 Rxb8 36. Qxb8+ Kf7 37. Qf4+ 1-0

[Event "Toronto Closed"]
[Site "Toronto CAN"]
[Date "1996.03.04"]
[Round "10"]
[White "Haziprodromu, Sam"]
[Black "Veltmann, Martin"]
[Result "1-0"]
[WhiteElo "2166"]
[BlackElo "2165"]
[PlyCount "75"]
[EventDate "1996.02.01"]
[EventType "tourn"]
[EventCountry "CAN"]

1. e4 e6 2. d3 d5 3. Nd2 c5 4. Ngf3 Nc6 5. g3 Nf6 6. Bg2 Be7 7. O-O O-O 8. Re1
b5 9. e5 Nd7 10. h4 a5 11. Nf1 Ba6 12. Bf4 b4 13. h5 c4 14. d4 a4 15. N1h2 c3
16. bxc3 bxc3 17. Qc1 Rb8 18. h6 g6 19. Ng4 Rb2 20. Re3 Qa5 21. Re1 Nb4 22. Bg5
Qd8 23. Bxe7 Qxe7 24. Re3 Nxa2 25. Rxa2 Rxa2 26. Rxc3 Bc4 27. Qe3 Ra1+ 28. Kh2
a3 29. Nd2 a2 30. Ra3 Nb6 31. Qf4 f5 32. exf6 Qxa3 33. Ne5 Qa7 34. Bh3 Rh1+ 35.
Kxh1 a1=Q+ 36. Kh2 Kh8 37. f7 Qe7 38. Nxg6+ 1-0

[Event "Toronto m"]
[Site "Toronto CAN"]
[Date "1996.??.??"]
[Round "1"]
[White "Teodoro, Eduardo"]
[Black "Day, Lawrence"]
[Result "0-1"]
[WhiteElo "2265"]
[BlackElo "2400"]
[PlyCount "64"]
[EventDate "1996.??.??"]
[EventType "match"]
[EventRounds "6"]
[EventCountry "CAN"]
[Source "ChessBase"]
[SourceDate "2000.11.22"]

1. e4 g6 2. d4 d6 3. Nf3 Bg7 4. Nc3 Nf6 5. g3 O-O 6. Bg2 Nc6 7. O-O Bg4 8. h3
Bxf3 9. Bxf3 e5 10. dxe5 dxe5 11. Be3 Qc8 12. Bg2 Rd8 13. Nd5 Nxd5 14. exd5 Ne7
15. c4 c6 16. Bc5 Nf5 17. dxc6 b6 18. Be3 Rxd1 19. Raxd1 Nd4 20. Bxd4 exd4 21.
Rd3 Qf5 22. Rfd1 Rc8 23. Bd5 Rc7 24. Rf3 Qe5 25. b4 b5 26. Kf1 bxc4 27. Bxc4
Rxc6 28. Bxf7+ Kh8 29. Re1 Qb5+ 30. Kg2 Rc8 31. Re7 Bf8 32. Rxa7 Bxb4 0-1

[Event "Toronto m"]
[Site "Toronto CAN"]
[Date "1996.??.??"]
[Round "2"]
[White "Day, Lawrence"]
[Black "Teodoro, Eduardo"]
[Result "1-0"]
[WhiteElo "2400"]
[BlackElo "2265"]
[PlyCount "59"]
[EventDate "1996.??.??"]
[EventType "match"]
[EventRounds "6"]
[EventCountry "CAN"]
[Source "ChessBase"]
[SourceDate "2000.11.22"]

1. e4 c5 2. Nc3 b6 3. Nf3 Bb7 4. d4 cxd4 5. Nxd4 Nc6 6. Bc4 Rc8 7. Nxc6 Bxc6 8.
Bf4 d6 9. Qe2 e5 10. Bg3 Nf6 11. Bh4 Be7 12. Bxf6 Bxf6 13. Ba6 Rc7 14. Bb5 O-O
15. Bxc6 Rxc6 16. Nd5 Be7 17. O-O-O Qd7 18. Kb1 Rc5 19. Qd3 Rfc8 20. c3 Bf8 21.
Rhf1 Qg4 22. g3 Re8 23. f3 Qh3 24. Rf2 Qh5 25. Ne3 Qg6 26. Rfd2 Rd8 27. Qa6 Ra5
28. Qb7 Qf6 29. b4 Qxf3 30. Rf1 1-0

[Event "Toronto m"]
[Site "Toronto CAN"]
[Date "1996.??.??"]
[Round "3"]
[White "Teodoro, Eduardo"]
[Black "Day, Lawrence"]
[Result "1/2-1/2"]
[WhiteElo "2265"]
[BlackElo "2400"]
[PlyCount "77"]
[EventDate "1996.??.??"]
[EventType "match"]
[EventRounds "6"]
[EventCountry "CAN"]
[Source "ChessBase"]
[SourceDate "2000.11.22"]

1. e4 c5 2. Nf3 e6 3. d4 cxd4 4. Nxd4 Nf6 5. Bd3 Nc6 6. Be3 d5 7. exd5 Nxd5 8.
Nxc6 bxc6 9. O-O Bd6 10. Nd2 O-O 11. Nc4 Nxe3 12. fxe3 Be7 13. Qf3 Qc7 14. Rad1
Bb7 15. Qf4 Rac8 16. Kh1 Qxf4 17. exf4 c5 18. f5 exf5 19. Rxf5 g6 20. Rf2 Rcd8
21. Rdf1 f5 22. Na5 Ba8 23. Re2 Bf6 24. Nb3 Bxb2 25. Nxc5 Rfe8 26. Bc4+ Kh8 27.
Ne6 Rc8 28. Bb3 Bf6 29. c4 Bc6 30. Rd1 a5 31. c5 Bb5 32. Red2 a4 33. Bd5 Bd7
34. Nf4 Rxc5 35. Bf7 Re7 36. Bxg6 Bg5 37. Bh5 Bxf4 38. Rxd7 Rxd7 39. Rxd7
1/2-1/2

[Event "Toronto m"]
[Site "Toronto CAN"]
[Date "1996.??.??"]
[Round "4"]
[White "Day, Lawrence"]
[Black "Teodoro, Eduardo"]
[Result "1/2-1/2"]
[WhiteElo "2400"]
[BlackElo "2265"]
[PlyCount "122"]
[EventDate "1996.??.??"]
[EventType "match"]
[EventRounds "6"]
[EventCountry "CAN"]
[Source "ChessBase"]
[SourceDate "2000.11.22"]

1. d4 Nf6 2. Nf3 b6 3. Bg5 Bb7 4. Nbd2 h6 5. Bxf6 exf6 6. e4 Qe7 7. Bd3 Nc6 8.
O-O g6 9. Re1 Bg7 10. c3 O-O 11. Nf1 Rae8 12. Qa4 a6 13. b4 Nb8 14. Qb3 Kh8 15.
a4 Qd8 16. d5 d6 17. a5 b5 18. Rac1 c5 19. c4 bxc4 20. Bxc4 Nd7 21. b5 Qxa5 22.
Ra1 Qc7 23. bxa6 Ba8 24. Rab1 Rb8 25. Qa2 Nb6 26. Ne3 Rfe8 27. Nd2 h5 28. g3
Bh6 29. f4 Bg7 30. Bb5 Re7 31. Nec4 Nxc4 32. Bxc4 Rbe8 33. Bb5 Rg8 34. Qa4 Rc8
35. Nc4 Kh7 36. Kf1 f5 37. e5 Bxd5 38. Nxd6 Rd8 39. Rbd1 Bf3 40. Rd3 Ba8 41.
Red1 Qa7 42. Nc4 Rxd3 43. Rxd3 Be4 44. Rd8 f6 45. Qd1 fxe5 46. fxe5 Qc7 47. Qd6
Bxe5 48. Nxe5 Qxd6 49. Rxd6 Rxe5 50. Rd7+ Kh6 51. a7 Re6 52. Rc7 Rd6 53. Ke2
Re6 54. Kd2 Kg5 55. Kc3 h4 56. Bc6 Bxc6 57. Rxc6 Re3+ 58. Kc4 Ra3 59. Rc7 hxg3
60. hxg3 Kg4 61. Kxc5 g5 1/2-1/2

[Event "Toronto m"]
[Site "Toronto CAN"]
[Date "1996.??.??"]
[Round "5"]
[White "Teodoro, Eduardo"]
[Black "Day, Lawrence"]
[Result "1-0"]
[WhiteElo "2265"]
[BlackElo "2400"]
[PlyCount "95"]
[EventDate "1996.??.??"]
[EventType "match"]
[EventRounds "6"]
[EventCountry "CAN"]
[Source "ChessBase"]
[SourceDate "2000.11.22"]

1. e4 e5 2. Nf3 Nc6 3. Bb5 a6 4. Ba4 Nf6 5. O-O Be7 6. Re1 b5 7. Bb3 d6 8. c3
O-O 9. d4 Bg4 10. Be3 exd4 11. cxd4 Na5 12. Bc2 c5 13. Nbd2 cxd4 14. Bxd4 Nc6
15. Nb3 Ne5 16. a4 Nxf3+ 17. gxf3 Be6 18. f4 Bg4 19. Qd3 Bh5 20. Bxf6 Bxf6 21.
e5 Bg6 22. f5 Bxe5 23. fxg6 Qg5+ 24. Kh1 fxg6 25. Qd5+ Kh8 26. Qg2 Qxg2+ 27.
Kxg2 bxa4 28. Rxa4 Bxb2 29. Re2 Bc3 30. Re3 Be5 31. Be4 Ra7 32. Na5 Raf7 33. f3
g5 34. Nc4 Bf4 35. Rd3 h5 36. Rxa6 Rc7 37. Rd4 g4 38. fxg4 hxg4 39. Nxd6 Be3
40. Rd5 g5 41. Nf5 Bf4 42. Rh6+ Kg8 43. Ra5 Rd8 44. Bd5+ Rxd5 45. Rxd5 Rc2+ 46.
Kf1 Bxh2 47. Rd8+ Kf7 48. Rd7+ 1-0

[Event "Toronto m"]
[Site "Toronto CAN"]
[Date "1996.??.??"]
[Round "6"]
[White "Day, Lawrence"]
[Black "Teodoro, Eduardo"]
[Result "0-1"]
[WhiteElo "2400"]
[BlackElo "2265"]
[PlyCount "102"]
[EventDate "1996.??.??"]
[EventType "match"]
[EventRounds "6"]
[EventCountry "CAN"]
[Source "ChessBase"]
[SourceDate "2000.11.22"]

1. d4 Nf6 2. Nf3 d5 3. Bg5 Ne4 4. Bf4 h6 5. Nbd2 g5 6. Be3 Bg7 7. c3 c6 8. h4
g4 9. Nxe4 dxe4 10. Nd2 f5 11. Qb3 Na6 12. Bf4 Nc7 13. e3 Nd5 14. Bc4 Nxf4 15.
Bf7+ Kf8 16. exf4 Qd6 17. g3 Qf6 18. Bh5 b6 19. Nc4 Be6 20. Ne5 Bxb3 21. Nd7+
Kg8 22. Nxf6+ Bxf6 23. axb3 Kg7 24. Ra3 Rhd8 25. Ke2 Rd7 26. Rha1 c5 27. dxc5
Rad8 28. c6 Rd2+ 29. Kf1 Rc8 30. Rxa7 Rxc6 31. Be8 Rcd6 32. Bb5 Rxb2 33. Rd7
Bxc3 34. Rxd6 exd6 35. Ra7+ Kf8 36. Bc4 Bd4 37. Rf7+ Ke8 38. Rxf5 Rxf2+ 39. Ke1
Rf3 40. Rh5 Rxg3 41. Rxh6 Kd7 42. Bd5 Re3+ 43. Kd2 g3 44. Rg6 Rf3 45. Ke1 Rxf4
46. h5 Rh4 47. h6 Rh1+ 48. Ke2 Rh2+ 49. Kf1 Rf2+ 50. Ke1 Bc3+ 51. Kd1 Rd2+ 0-1

[Event "Toronto op"]
[Site "Toronto CAN"]
[Date "1996.??.??"]
[Round "?"]
[White "Golts, Roman"]
[Black "Jung, Hans"]
[Result "1-0"]
[WhiteElo "2171"]
[BlackElo "2317"]
[PlyCount "103"]
[EventDate "1996.??.??"]
[EventType "swiss"]
[EventRounds "6"]
[EventCountry "CAN"]

1. d4 d5 2. c4 Nc6 3. Nf3 Bg4 4. e3 e6 5. Nc3 Nge7 6. a3 g6 7. h3 Bxf3 8. Qxf3
Bg7 9. cxd5 exd5 10. Bd3 a6 11. Bd2 O-O 12. O-O Qd7 13. Rac1 b5 14. Na2 Nc8 15.
Rc5 N6e7 16. Rfc1 Ra7 17. Nb4 Rd8 18. Nxa6 Rxa6 19. Bxb5 Qe6 20. Bxa6 Qxa6 21.
Rxc7 Bf8 22. Bb4 Qe6 23. b3 Nd6 24. Qe2 Ne8 25. Rb7 Nf5 26. Bxf8 Kxf8 27. Qd2
Kg7 28. Qa5 Rd6 29. Qc3 Ra6 30. a4 Ned6 31. Rb8 Qe7 32. Qc7 Qg5 33. Qd8 Qxd8
34. Rxd8 Rb6 35. g4 Nh4 36. a5 Ra6 37. b4 h5 38. gxh5 gxh5 39. Kf1 Ne4 40. Ke2
Rf6 41. Rg1+ Kh7 42. f4 Rc6 43. Ra1 Nf5 44. a6 Rc2+ 45. Ke1 Nf2 46. Rd1 Nxd1
47. a7 Nf2 48. Rh8+ Kxh8 49. a8=Q+ Kg7 50. Qa3 Ng3 51. Qa6 Nfe4 52. Kd1 1-0

[Event "Toronto op"]
[Site "Toronto CAN"]
[Date "1996.??.??"]
[Round "?"]
[White "Moskvitch, Andrei"]
[Black "Day, Lawrence"]
[Result "0-1"]
[WhiteElo "2045"]
[BlackElo "2431"]
[PlyCount "84"]
[EventDate "1996.??.??"]
[EventType "swiss"]
[EventRounds "6"]
[EventCountry "CAN"]

1. Nc3 g6 2. h4 Bg7 3. e4 c5 4. h5 Nc6 5. Bc4 e6 6. d3 a6 7. a4 Nge7 8. h6
Bxc3+ 9. bxc3 d5 10. exd5 exd5 11. Bb3 Be6 12. Bg5 f6 13. Bxf6 O-O 14. Bg7 Rf7
15. Qe2 Qd7 16. Nf3 Re8 17. O-O-O Bg4 18. Rde1 Bxf3 19. gxf3 Rd8 20. Rhg1 Qf5
21. Qe6 Qxf3 22. Re3 Qf4 23. Rg4 Qxf2 24. Reg3 Qf5 25. Qe3 b6 26. Kb2 Rd6 27.
Rg5 Qd7 28. Qe2 Nf5 29. Rf3 Nxg7 30. Rxf7 Qxf7 31. hxg7 Kxg7 32. Qg2 Ne7 33.
Qg3 Qf6 34. Qg2 b5 35. axb5 a5 36. Bxd5 h6 37. Rg3 Nxd5 38. Rf3 Qxc3+ 39. Kb1
Qe5 40. Qf2 Nc3+ 41. Kc1 Qg5+ 42. Kb2 Nd1+ 0-1

[Event "Toronto op"]
[Site "Toronto CAN"]
[Date "1996.04.05"]
[Round "1"]
[White "Allan, Denis"]
[Black "Veltmann, Martin"]
[Result "0-1"]
[WhiteElo "2405"]
[BlackElo "2165"]
[PlyCount "80"]
[EventDate "1996.??.??"]
[EventType "swiss"]
[EventRounds "6"]
[EventCountry "CAN"]

1. g3 c5 2. Bg2 Nc6 3. Nf3 d5 4. d3 e5 5. Nbd2 Be6 6. e4 d4 7. O-O f6 8. Nh4
Qd7 9. f4 O-O-O 10. a3 exf4 11. gxf4 Nh6 12. Ndf3 Bd6 13. Qe2 Rhe8 14. Kh1 Kb8
15. c3 Bg4 16. Qf2 Bc7 17. cxd4 cxd4 18. b4 Nf7 19. Rb1 h6 20. Ng1 g5 21. b5
Ne7 22. fxg5 hxg5 23. Qxf6 gxh4 24. Qxf7 h3 25. Bf3 Be6 26. Qh5 Rh8 27. Qc5 b6
28. Qc2 Rdg8 29. Rf2 Ng6 30. Ne2 Nh4 31. Bf4 Bxf4 32. Nxf4 Rc8 33. Qd2 Rhf8 34.
Rbf1 Bb3 35. Qb4 Rxf4 36. Qxb3 Rcf8 37. Qd1 Qxb5 38. a4 Qb4 39. Kg1 Qd6 40. e5
Qxe5 0-1

[Event "Toronto op"]
[Site "Toronto CAN"]
[Date "1996.04.05"]
[Round "2"]
[White "Veltmann, Martin"]
[Black "Hamilton, Robert"]
[Result "0-1"]
[WhiteElo "2165"]
[BlackElo "2370"]
[PlyCount "40"]
[EventDate "1996.??.??"]
[EventType "swiss"]
[EventRounds "6"]
[EventCountry "CAN"]

1. c4 e6 2. d4 Nf6 3. Nf3 c5 4. Nc3 cxd4 5. Nxd4 Bb4 6. g3 Ne4 7. Qd3 Qa5 8.
Ndb5 a6 9. Qxe4 axb5 10. Bd2 bxc4 11. Qxc4 O-O 12. Bg2 d5 13. Qf4 Nc6 14. Rd1
e5 15. Qg5 h6 16. Qh4 d4 17. Nd5 Bxd2+ 18. Rxd2 Be6 19. Ne7+ Nxe7 20. Qxe7 Rfc8
0-1

[Event "Toronto op"]
[Site "Toronto CAN"]
[Date "1996.04.06"]
[Round "3"]
[White "Veltmann, Martin"]
[Black "Crisan, Ioan"]
[Result "0-1"]
[WhiteElo "2165"]
[BlackElo "2298"]
[PlyCount "102"]
[EventDate "1996.??.??"]
[EventType "swiss"]
[EventRounds "6"]
[EventCountry "CAN"]

1. c4 e5 2. Nc3 Nf6 3. g3 c6 4. d4 e4 5. d5 Bc5 6. Bg2 Qe7 7. e3 O-O 8. Nge2 d6
9. O-O Bg4 10. Qc2 cxd5 11. cxd5 Nbd7 12. h3 Bxe2 13. Qxe2 Nb6 14. Rd1 Qe5 15.
Qd2 a5 16. a3 a4 17. Rb1 h5 18. b4 axb3 19. Rxb3 Nc4 20. Qc2 Nxa3 21. Bxa3 Rxa3
22. Rxa3 Bxa3 23. Nxe4 Nxe4 24. Bxe4 Bc5 25. Qd3 Re8 26. Bf3 g6 27. h4 Ra8 28.
Kg2 Ra2 29. Rd2 Ra3 30. Qb5 b6 31. Qe2 Kg7 32. Ra2 Rb3 33. Qd1 Rb2 34. Qa1 Rxa2
35. Qxa2 b5 36. Qb3 b4 37. Bd1 Qc3 38. Qxc3+ bxc3 39. Kf3 Ba3 40. Ke4 Bc1 41.
f3 Bd2 42. Bc2 Be1 43. Kf4 Kf6 44. Bd3 Kg7 45. Bc2 Kh6 46. g4 Bxh4 47. e4 Bg5+
48. Kg3 h4+ 49. Kh3 Bf6 50. f4 g5 51. f5 Be5 0-1

[Event "Toronto op"]
[Site "Toronto CAN"]
[Date "1996.04.07"]
[Round "5"]
[White "Dzera, Victor"]
[Black "Veltmann, Martin"]
[Result "1-0"]
[WhiteElo "2250"]
[BlackElo "2165"]
[PlyCount "59"]
[EventDate "1996.??.??"]
[EventType "swiss"]
[EventRounds "6"]
[EventCountry "CAN"]

1. e4 e5 2. Nf3 Nc6 3. Bc4 Bc5 4. c3 Nf6 5. Qe2 O-O 6. O-O d6 7. h3 Qe7 8. b4
Bb6 9. a4 a5 10. b5 Nd8 11. Re1 Be6 12. Na3 Re8 13. d3 h6 14. Nh2 c6 15. Bxe6
Nxe6 16. Nc4 Bc7 17. Qf3 Nc5 18. Ne3 Nb3 19. Nf5 Qe6 20. Bxh6 Nd7 21. Bxg7 Qg6
22. bxc6 bxc6 23. Ra3 Rab8 24. Ng4 Nd2 25. Qg3 Nb1 26. Ra1 Nxc3 27. Rac1 Rb3
28. Qh4 f6 29. Ne7+ Rxe7 30. Qh8+ 1-0